| 000 | 00632nam a2200241Ia 4500 | ||
|---|---|---|---|
| 001 | Para_1636 | ||
| 003 | CHAP | ||
| 008 | 220125s1979 xx 000 0 und d | ||
| 010 | _a200273 | ||
| 040 | _cCHAP | ||
| 082 | _aPA 595.7 I53 | ||
| 245 |
_aInsects : _b an illustrated survey of the most successful animals on earth |
||
| 260 |
_aNew York : _b Grosset & Dunlap |
||
| 300 | _a240 p. | ||
| 650 |
_aInsectos _x evolución _958920 |
||
| 901 | _aPA 595.7 I53 | ||
| 902 | _aA | ||
| 905 | _a0000001979 a 0000000000 00 | ||
| 910 | _a1979 | ||
| 942 | _cPARA | ||
| 942 |
_cPARA _d1 |
||
| 999 |
_c200273 _d200273 |
||